| 000 | 01220cam a2200205 4500 | ||
|---|---|---|---|
| 001 | L137204 | ||
| 008 | 070322s2007 xxk f 000 0 eng d | ||
| 035 | _a(Sirsi) u137204 | ||
| 041 | 0 | _aeng | |
| 110 | 2 |
_aUK Resilience _95146 |
|
| 245 | 0 | 0 |
_a2007 Chartered Management Institute (CMI) Business Continuity Survey _h[electronic resource] |
| 260 |
_aLondon _bCabinet Office _c2007 |
||
| 520 | _aDiscusses the results of the 2007 Chartered Management Institute?s Business Continuity Survey. Reports that over half of the managers surveyed work in organizations where there is no specific business continuity plan in place, yet that there are signs that businesses have improved aspects of their planning. Reports that half of organizations carried out regular and thorough rehearsals and that corporate governance was identified as a key driver by 80 per cent of managers working in listed companies. | ||
| 590 | _aKA | ||
| 651 | 4 |
_aUnited Kingdom _y |
|
| 690 | _aMANAGEMENT-BUSINESS MANAGEMENT | ||
| 690 | _aMANAGEMENT-HEALTH AND SAFETY-HEALTH AND SAFETY RISK MANAGEMENT | ||
| 856 | 4 | 8 |
_uhttps://www.ukresilience.info/news/cmi_survey_2007.aspx _zView the item free of charge at www.ukresilience.info... |
| 942 | _n0 | ||
| 999 |
_c106686 _d106686 |
||